Francisca, yo te amo / (Registro nro. 14472)

Detalles MARC
000 -LIDER
fixed length control field 00725nam a2200265 a 4500
001 - NÚMERO DE CONTROL
Identificador de número de control 000000369
003 - IDENTIFICACDOR DE NÚMERO DE CONTROL
control field DO-SdBPM
005 - DATE AND TIME OF LATEST TRANSACTION
control field 20250402111911.0
007 - CAMPOS FIJOS DE DESCRIPCIÓN FÍSICA
fixed length control field 000000369
008 - ELEMENTOS DE LONGITUD FIJA
fixed length control field 081112s2011 ck 000 f spa d
020 ## - ISBN
International Standard Book Number 9789561313330
040 ## - FUENTE DE CATALOGACIÓN
Agencia que crea de manera original el registro DO-SdBPM
Idioma de catalogación spa
Agencia que realiza la transcripción BPMSU
082 #4 - NÚMERO DE CLASIFICACIÓN DECIMAL DE DEWEY
Classification number Ch863.6
Item number R788f 2011
Edition number 22
100 1# - ASIENTO PRINCIPAL -- NOMBRE PERSONAL
Nombre personal Rosasco, José Luis,
Fechas asociadas con el nombre 1935-
245 10 - MENCIÓN DE TITULO
Título Francisca, yo te amo /
Mención de responsabilidad José Luis Rosasco.
250 ## - MENCIÓN DE EDICION
Mención de edición
260 ## - PUBLICACIÓN, DISTRIBUCIÓN, ETC. (PIE DE IMPRENTA)
Lugar de publicación, distribución, etc Chile :
Nombre del editor, distribuidor, etc. Editorial Andrés Bello,
Fecha de publicación, distribución, etc 2011
300 ## - DESCRIPCIÓN FÍSICA
Extensión 118 p. ;
Dimensiones 23 cm.
590 ## - NOTA LOCAL
Texto de la nota local Inventariado, 2023/VM
650 #4 - ENCABEZAMIENTO DE MATERIA--TEMÁTICO
Término temático o nombre geográfico como elemento de entrada Novela chilena
650 #4 - ENCABEZAMIENTO DE MATERIA--TEMÁTICO
Término temático o nombre geográfico como elemento de entrada Literatura chilena
650 #4 - ENCABEZAMIENTO DE MATERIA--TEMÁTICO
Término temático o nombre geográfico como elemento de entrada Novela amorosa
910 ## - VALIDACIÓN
Validación Vmateo V. Control de calidad. BPMSU
942 ## - ADDED ENTRY ELEMENTS (KOHA)
Source of classification or shelving scheme Dewey Decimal Classification
Koha item type Libros
Existencias
Withdrawn status Lost status Source of classification or shelving scheme Damaged status Not for loan Collection code Home library Current library Date acquired Total Checkouts Full call number Barcode Date last seen Price effective from Koha item type Source of acquisition Copy number
    Dewey Decimal Classification     Colección Juvenil General Biblioteca Pública Metropolitana Salomé Ureña Biblioteca Pública Metropolitana Salomé Ureña 10/06/2023   BPMSU CJG Ch863.6 R788f 2011 BPMSU23100013 10/06/2023 10/06/2023 Libros    
    Dewey Decimal Classification     Colección Juvenil General Biblioteca Pública Metropolitana Salomé Ureña Biblioteca Pública Metropolitana Salomé Ureña 10/06/2023   BPMSU CJG Ch863.6 R788f 2011 BPMSU25040009 04/02/2025 10/06/2023 Libros Víctor Hugo Morales e.2